Sociology /

Bibliographic Details
Main Author: Lundberg, George Andrew, 1895-1966
Format: Book
Language:English
Published: New York : Harper & Row, 1968.
Edition:4th ed.
Subjects:

MARC

Tag First Indicator Second Indicator Subfields
LEADER 00000cam a2200000 4500
001 in00000456621
005 20151012093111.0
008 680301s1968 nyua b 00010 eng d
010 |a  68011717  
035 |a (OCoLC)00436820 
035 |9 ABY7972AM 
040 |a DLC  |c DLC  |d TXA  |d UtOrBLW 
049 |a TXAM  |c [801331] 
050 0 0 |a HM51  |b .L83 1968 
082 0 |a 301 
100 1 |a Lundberg, George Andrew,  |d 1895-1966. 
245 1 0 |a Sociology /  |c by George A. Lundberg and [others] Photos. by Ted Spiegel. 
250 |a 4th ed. 
264 1 |a New York :  |b Harper & Row,  |c 1968. 
300 |a ix, 771 pages :  |b illustrations ;  |c 24 cm. 
336 |a text  |b txt  |2 rdacontent 
337 |a unmediated  |b n  |2 rdamedia 
338 |a volume  |b nc  |2 rdacarrier 
504 |a Includes bibliographical references. 
650 0 |a Sociology. 
999 |a MARS 
999 f f |s 741f37fa-e9cf-386f-9a6b-6a79b0b3dbc4  |i 7bf6354e-b5d5-3c5c-851e-fcd1ad043da6  |t 0 
952 f f |p normal  |a Texas A&M University  |b College Station  |c Sterling C. Evans Library  |d Evans: Library Stacks  |t 0  |e HM51 .L83 1968  |h Library of Congress classification  |i unmediated -- volume  |m A14802907645 
998 f f |a HM51 .L83 1968  |t 0  |l Evans: Library Stacks